| 000 | 00424nam a2200169 a 4500 | ||
|---|---|---|---|
| 001 | 0000-8607 | ||
| 003 | ELIB.Books | ||
| 008 | 110520 1993 | ||
| 035 | _a(ELIB.Books)0000-8753 | ||
| 082 |
_a242 _bMad |
||
| 100 | _aMadden P. J. | ||
| 245 | _aThe Wigglesworth Standard | ||
| 260 |
_bU.S.A.: Whitaker House _c1993 |
||
| 650 | _aDevotional Theology | ||
| 942 |
_2ddc _cBK |
||
| 998 |
_cbat _e2011-05-20 |
||
| 999 |
_c8607 _d8607 |
||